|
|
|
|
| LEADER |
00000nas a2200000 i 4500 |
| 001 |
ssj0002479 |
| 003 |
WaSeSS |
| 005 |
20200512172242.0 |
| 006 |
m d |
| 007 |
cr n |
| 008 |
020417c19879999pauqx pss s 0 a0eng c |
| 010 |
|
|
|a 2002238335
|
| 015 |
|
|
|a GBA604981
|2 bnb
|
| 016 |
7 |
|
|a 1476715 -6
|2 DE-600
|
| 016 |
7 |
|
|a 013357312
|2 Uk
|
| 022 |
|
|
|a 1465-3486
|l 0269-2171
|y 0269-2171
|
| 035 |
|
|
|a (WaSeSS)ssj0002479
|
| 037 |
|
|
|b Carfax International Publishers, P.O. Box 25, Abingdon, Oxfordshire, OX14 3UE, England
|
| 040 |
|
|
|a IUL
|b eng
|e pn
|c IUL
|d OCLCQ
|d BNG
|d F#A
|d AAA
|d OCLCQ
|d MUQ
|d OCLCQ
|d UKMGB
|d OCLCQ
|d OCLCO
|d OCLCF
|d OCLCO
|d OCLCQ
|d WT2
|d NLE
|d DLC
|d OCLCQ
|d AU@
|d AUD
|d WYU
|d DCHUA
|d VT2
|d SFB
|d OCLCQ
|d CNMTR
|d WaSeSS
|
| 042 |
|
|
|a pcc
|
| 050 |
0 |
0 |
|a HB1
|
| 082 |
0 |
4 |
|a 330
|
| 130 |
0 |
|
|a International review of applied economics (Online)
|
| 245 |
1 |
0 |
|a International review of applied economics
|h [electronic resource].
|
| 260 |
|
|
|a <2018-> ;
|a Taylor & Francis
|
| 260 |
|
|
|a London :
|b Routledge,
|c 1987-
|
| 310 |
|
|
|a 5 issues yearly,
|b 2006-
|
| 321 |
|
|
|a 4 nos. a year,
|b 2000-
|
| 321 |
|
|
|a Three times a year,
|b <1995>-1999
|
| 362 |
1 |
|
|a Began with Volume 1, issue 1 (January 1987).
|
| 506 |
|
|
|a License restrictions may limit access.
|
| 538 |
|
|
|a Mode of access: World Wide Web.
|
| 588 |
0 |
|
|a Volume 1, issue 1 (January 1987); title from introductory page, viewed April 17, 2002.
|
| 588 |
1 |
|
|a Volume 32, issue 5 (2018) (Taylor & Francis online, viewed July 20, 2018).
|
| 650 |
|
0 |
|a Economics
|v Periodicals.
|
| 650 |
|
6 |
|a Économie politique
|x Périodiques.
|
| 650 |
|
7 |
|a Economics.
|2 fast
|0 (OCoLC)fst00902116
|
| 650 |
|
7 |
|a Economics.
|2 ebps
|
| 655 |
|
0 |
|a Electronic journals.
|
| 776 |
0 |
8 |
|i Print version :
|t International review of applied economics
|x 0269-2171
|w (DLC) 87644144
|w (OCoLC)15578967
|
| 850 |
|
|
|a DLC
|
| 853 |
2 |
0 |
|8 1
|a v.
|b no.
|u 4
|v r
|i (year)
|j (month)
|w 4
|
| 856 |
4 |
0 |
|z Full text available from Research Library: 05/01/1997 to 10/31/2000
|u https://search.proquest.com/publication/29755
|
| 863 |
4 |
1 |
|8 1.1
|a 14
|b 1
|i 2000
|j 01
|